[Event "FIDE Women's Grand Prix"]
[Site "Instanbul TUR"]
[Date "2009.03.13"]
[Round "6"]
[White "Koneru,H"]
[Black "Chiburdanidze,M"]
[Result "1-0"]
[WhiteElo "2621"]
[BlackElo "2516"]

1.d4 Nf6 2.c4 e6 3.Nf3 d5 4.Nc3 Bb4 5.Qa4+ Nc6 6.e3 O-O 7.a3 Bxc3+ 8.bxc3 Bd7
9.Qc2 Na5 10.cxd5 exd5 11.a4 Re8 12.Bd3 b6 13.Ba3 Ne4 14.O-O Bf5 15.Ne5 f6
16.Nf3 h6 17.Nh4 Bh7 18.f3 Ng5 19.Bxh7+ Nxh7 20.Rae1 Nc4 21.Bc1 Qd7 22.e4 c6
23.Re2 Re6 24.Rfe1 Rae8 25.Nf5 Ng5 26.Ng3 Nf7 27.Qd3 Nfd6 28.Bf4 Nf7 29.Nh5 Qe7
30.Bc1 Qd7 31.Kf1 Ncd6 32.Nf4 dxe4 33.fxe4 R6e7 34.Kg1 c5 35.h3 Qxa4 36.Kh2 Qc4
37.Qg3 Rxe4 38.Rxe4 Rxe4 39.Nh5 Ng5 40.Bxg5 hxg5 41.Rxe4 Nxe4 42.Qb8+  1-0

[Event "FIDE Women's Grand Prix"]
[Site "Instanbul TUR"]
[Date "2009.03.14"]
[Round "7"]
[White "Chiburdanidze,M"]
[Black "Mamedjarova,Z"]
[Result "1-0"]
[WhiteElo "2516"]
[BlackElo "2362"]

1.d4 d5 2.Nf3 Nf6 3.c4 e6 4.Nc3 Be7 5.Bg5 O-O 6.e3 h6 7.Bf4 c6 8.a3 Nbd7
9.cxd5 Nxd5 10.Nxd5 exd5 11.Bd3 Nf6 12.Ne5 Bd6 13.Bc2 Ne4 14.f3 Ng5 15.Qd3 f5
16.h4 Nf7 17.Ng6 Re8 18.O-O-O b5 19.g4 b4 20.a4 b3 21.Bxb3 Rb8 22.Bc2 Qb6
23.b3 Ba6 24.Qxf5 Ba3+ 25.Kb1 Bc4 26.Rd3 Rb7 27.Ka1 Nd6 28.Bxd6 Rf7 29.Bxa3 Rxf5
30.bxc4 dxc4 31.Rc3 Rxf3 32.Rb1 Qa5 33.Bb4 Qa6 34.Ne5 Rf2 35.Nxc4 Rb8 36.a5 c5
37.Bxc5 Rxb1+ 38.Bxb1 Rf1 39.Ka2 Qb5 40.Bc2 Rf2 41.Ba3 Rg2 42.Nd6 Qd7 43.g5 hxg5
44.hxg5 g6 45.e4 Qa4 46.Kb2 Qxa5 47.d5 Qb6+ 48.Ka2 Qa5 49.Rc4 Rg3 50.Rc8+ Kh7
51.Nc4 Qa6 52.Rc7+ Kg8 53.Rc6 Qb5 54.Bb2 Qb7 55.Nd6  1-0

[Event "FIDE Women's Grand Prix"]
[Site "Instanbul TUR"]
[Date "2009.03.17"]
[Round "9"]
[White "Chiburdanidze,M"]
[Black "Cramling,P"]
[Result "0-1"]
[WhiteElo "2516"]
[BlackElo "2548"]

1.d4 d5 2.Nf3 Nf6 3.c4 c6 4.e3 Bg4 5.h3 Bh5 6.Nc3 e6 7.g4 Bg6 8.Ne5 Nbd7
9.Nxg6 hxg6 10.cxd5 exd5 11.a3 g5 12.Bd3 Be7 13.Bd2 Qc7 14.Qf3 Nb6 15.Rc1 g6
16.Ne2 Qd7 17.Qg2 O-O-O 18.f3 Kb8 19.Rc2 Nh7 20.Kd1 Nf8 21.b4 Ne6 22.Nc1 Rhf8
23.Nb3 f5 24.Re1 Nc4 25.Bxc4 dxc4 26.Rxc4 Qd5 27.Qe2 fxg4 28.fxg4 Qf3 29.Rc3 Qxh3
30.b5 c5 31.dxc5 Nf4 32.Qc4 Qxg4+ 33.Kc2 Qf5+ 34.e4 Qf7 35.Qa4 Ng2 36.Rb1 Qf2
37.b6 axb6 38.c6 Bc5 39.Nxc5 Rxd2+ 40.Kb3 Qf7+ 41.Rc4 bxc5 42.Kc3 Qf3+  0-1

[Event "FIDE Women's Grand Prix"]
[Site "Instanbul TUR"]
[Date "2009.03.19"]
[Round "11"]
[White "Chiburdanidze,M"]
[Black "Fierro Baquero,M"]
[Result "0-1"]
[WhiteElo "2516"]
[BlackElo "2403"]

1.d4 Nf6 2.Nf3 g6 3.c4 Bg7 4.g3 c5 5.d5 b5 6.cxb5 a6 7.bxa6 d6 8.Nc3 O-O
9.Bg2 Nbd7 10.O-O Nb6 11.Re1 Bxa6 12.Nd2 Qc7 13.Rb1 Qb7 14.b4 Nfd7 15.bxc5 Nxc5
16.Bb2 Qa7 17.Nb3 Nc4 18.Ba1 Na3 19.Rc1 Rfc8 20.Nxc5 Qxc5 21.Ne4 Qxc1 22.Qxc1 Rxc1
23.Rxc1 Bxa1 24.Rxa1 Bxe2 25.Re1 Bd3 26.Nd2 Kf8 27.Re3 Bf5 28.Rb3 Nc2 29.Rb2 Ne1
30.Bf1 Nd3 31.Bxd3 Bxd3 32.Rb3 Bf5 33.a3 Ra5 34.Nc4 Rxd5 35.Ne3 Rd2 36.Nxf5 gxf5
37.Rf3 e6 38.Kf1 Ra2 39.Ke1 Ke7 40.Kd1 d5 41.h3 h5 42.Kc1 Kd6 43.Kb1 Re2
44.Rf4 Kc5 45.Kc1 d4 46.a4 Kc4  0-1

[Event "2nd WTeam w"]
[Site "Ningbo CHN"]
[Date "2009.09.03"]
[Round "2"]
[White "Chiburdanidze,M"]
[Black "Tan Zhongyi"]
[Result "1/2-1/2"]
[WhiteElo "2506"]
[BlackElo "2435"]

1.d4 Nf6 2.Nf3 g6 3.c4 Bg7 4.Nc3 O-O 5.e4 d6 6.Be2 e5 7.O-O Nc6 8.d5 Ne7
9.Be3 Ng4 10.Bd2 f5 11.Ng5 Nf6 12.exf5 Nxf5 13.Bd3 Qe7 14.Nce4 c5 15.b4 b6
16.Nxf6+ Bxf6 17.Ne4 Nd4 18.Rb1 Bf5 19.Rb2 Rf7 20.bxc5 bxc5 21.Bc3 Raf8 22.Qd2 Bh4
23.Qe3 Qd7 24.f3 Be7 25.Qd2 Qa4 26.Bxd4 cxd4 27.Qb4 Qxb4 28.Rxb4 Bxe4 29.Bxe4  1/2-1/2

[Event "2nd WTeam w"]
[Site "Ningbo CHN"]
[Date "2009.09.04"]
[Round "3"]
[White "Zhukova,N"]
[Black "Chiburdanidze,M"]
[Result "1/2-1/2"]
[WhiteElo "2457"]
[BlackElo "2506"]

1.d4 Nf6 2.c4 e6 3.Nf3 Bb4+ 4.Bd2 Qe7 5.g3 O-O 6.Bg2 Bxd2+ 7.Qxd2 d6 8.Nc3 e5
9.O-O Re8 10.Rac1 e4 11.Ng5 Bf5 12.Qf4 Bg6 13.f3 Nc6 14.Rcd1 exf3 15.Nxf3 Qe3+
16.Qxe3 Rxe3 17.Nh4 Rae8 18.Bf3 Na5 19.Rc1 a6 20.Nd5 Nxd5 21.cxd5 b5 22.Rxc7 Nc4
23.Rc6 Nxb2 24.Rxd6 Ra3 25.Rc6 Nc4 26.d6 Rd8 27.d7 Kf8 28.Nxg6+ hxg6 29.Bd5 f6
30.Bxc4 bxc4 31.Rxc4  1/2-1/2

[Event "2nd WTeam w"]
[Site "Ningbo CHN"]
[Date "2009.09.05"]
[Round "4"]
[White "Chiburdanidze,M"]
[Black "Harika,D"]
[Result "1/2-1/2"]
[WhiteElo "2506"]
[BlackElo "2474"]

1.d4 Nf6 2.Nf3 g6 3.c4 Bg7 4.Nc3 O-O 5.e4 d6 6.Be2 e5 7.O-O Nc6 8.d5 Ne7
9.Be3 Ng4 10.Bd2 f5 11.Ng5 Nf6 12.exf5 Nxf5 13.Bd3 c5 14.Rb1 Qe7 15.Re1 Nd4
16.b4 b6 17.bxc5 bxc5 18.Nb5 Ng4 19.f3 Nh6 20.Nxd4 cxd4 21.g4 Nf7 22.Ne4 Bh6
23.Qc1 Bxd2 24.Qxd2 Kg7 25.Kg2 h6 26.Qb4 Qh4 27.h3 h5 28.Rh1 Ng5 29.Rbf1 Nxf3
30.Rxf3 Rxf3 31.Kxf3 Bxg4+ 32.hxg4 Qxh1+ 33.Ke2 Rf8 34.Qxd6 Qg2+  1/2-1/2

[Event "2nd WTeam w"]
[Site "Ningbo CHN"]
[Date "2009.09.10"]
[Round "8"]
[White "Krush,I"]
[Black "Chiburdanidze,M"]
[Result "1/2-1/2"]
[WhiteElo "2458"]
[BlackElo "2506"]

1.d4 d5 2.c4 e6 3.Nc3 Bb4 4.a3 Bxc3+ 5.bxc3 c5 6.e3 Nc6 7.cxd5 exd5 8.Bd3 Nge7
9.Ne2 O-O 10.O-O c4 11.Bb1 Bf5 12.f3 Bxb1 13.Rxb1 Na5 14.e4 Nb3 15.e5 Qd7
16.Ng3 f6 17.f4 Rad8 18.Rb2 Nc6 19.Rbf2 b5 20.Nh5 fxe5 21.fxe5 Rxf2 22.Rxf2 Rf8
23.Nf4 Qf5 24.Be3 Qe4 25.Qf3 Qxf3 26.Rxf3 Ne7 27.Ne6 Rxf3 28.gxf3 a5 29.Nc7 b4
30.cxb4 axb4 31.axb4 c3 32.b5 c2 33.b6 c1=Q+ 34.Bxc1 Nxc1 35.Nxd5 Nc6 36.Kf2 Nb3
37.Ke3 Nbxd4 38.Ke4 Kf7 39.f4 Ke6 40.f5+ Kd7 41.Nf4 Nb5 42.Ne2  1/2-1/2

[Event "2nd WTeam w"]
[Site "Ningbo CHN"]
[Date "2009.09.11"]
[Round "9"]
[White "Chiburdanidze,M"]
[Black "Rajlich,I"]
[Result "1-0"]
[WhiteElo "2506"]
[BlackElo "2465"]

1.d4 Nf6 2.Nf3 g6 3.c4 Bg7 4.Nc3 d5 5.Bg5 Ne4 6.Bf4 Nxc3 7.bxc3 dxc4 8.e3 Be6
9.Rb1 b6 10.Be2 Bd5 11.Qc2 f5 12.O-O c6 13.a4 a6 14.Nd2 b5 15.e4 fxe4 16.Nxe4 O-O
17.Bg5 h6 18.Be3 Nd7 19.f4 Nb6 20.Nc5 Qd6 21.a5 Na4 22.Nxa4 bxa4 23.Rb4 Qe6
24.Bc1 Rab8 25.Rxa4 Rb3 26.Rf3 Rxc3 27.Rxc3 Bxd4+ 28.Kf1 Bxc3 29.Qxc3 Qe4
30.Bf3 Qb1 31.Rb4 Qa2 32.Bb2 Rf6 33.Rb8+ Kf7 34.Rb7 Qb1+ 35.Kf2 Qf5 36.Qxf6+ Qxf6
37.Bxf6  1-0

[Event "14th ECC w"]
[Site "Ohrid MKD"]
[Date "2009.10.05"]
[Round "2"]
[White "Hoang Thanh Trang"]
[Black "Chiburdanidze,M"]
[Result "1/2-1/2"]
[WhiteElo "2501"]
[BlackElo "2506"]

1.d4 e6 2.Nf3 Nf6 3.g3 b5 4.Bg2 Bb7 5.O-O c5 6.a4 b4 7.c3 Na6 8.Nbd2 Rc8
9.cxb4 Nxb4 10.dxc5 Bxc5 11.Nb3 Be7 12.Bd2 O-O 13.a5 Bd5 14.Nfd4 Bxg2 15.Kxg2 Qc7
16.Bxb4 Qb7+ 17.Kg1 Qxb4 18.Qd3 Rfe8 19.Rfc1 Bf8 20.Nc2 Qb7 21.Ne3 d5 22.Nd1 e5
23.Rxc8 Rxc8 24.Rc1 Rxc1 25.Nxc1 Qb4 26.Qc3 Qe4 27.Qb3 Qb1 28.Nd3 Nd7 29.Kg2 d4
30.Qa4 Nc5 31.Nxc5 Bxc5 32.f3 Bf8 33.a6 d3 34.exd3 Qxd3 35.Nf2 Qe2 36.b3 h6
37.Qc6 Qe3  1/2-1/2

[Event "14th ECC w"]
[Site "Ohrid MKD"]
[Date "2009.10.07"]
[Round "4"]
[White "Chiburdanidze,M"]
[Black "Muzychuk,A"]
[Result "1/2-1/2"]
[WhiteElo "2506"]
[BlackElo "2533"]

1.d4 Nf6 2.Nf3 e6 3.c4 c5 4.d5 b5 5.dxe6 fxe6 6.cxb5 d5 7.e3 Bd6 8.Nbd2 O-O
9.Be2 a6 10.O-O c4 11.e4 Bc5 12.bxa6 Bxa6 13.Ng5 Qe7 14.e5 Nfd7 15.Bg4 Qxg5
16.Bxe6+ Kh8 17.Nf3 Qg6 18.Bxd5 Ra7 19.Re1 Qd3 20.Be3 Bxe3 21.Rxe3 Qxd1+
22.Rxd1 Nb6 23.Be4 Bb7 24.Bxb7 Rxb7 25.b3  1/2-1/2

[Event "14th ECC w"]
[Site "Ohrid MKD"]
[Date "2009.10.08"]
[Round "5"]
[White "Koneru,H"]
[Black "Chiburdanidze,M"]
[Result "1/2-1/2"]
[WhiteElo "2595"]
[BlackElo "2506"]

1.d4 Nf6 2.c4 e6 3.Nf3 Bb4+ 4.Bd2 Bxd2+ 5.Nbxd2 d6 6.g3 O-O 7.Bg2 Qe7 8.O-O e5
9.e4 a5 10.Qc2 c5 11.d5 Na6 12.Nb1 Bd7 13.Nc3 Nc7 14.a4  1/2-1/2

[Event "14th ECC w"]
[Site "Ohrid MKD"]
[Date "2009.10.10"]
[Round "7"]
[White "Rajlich,I"]
[Black "Chiburdanidze,M"]
[Result "0-1"]
[WhiteElo "2465"]
[BlackElo "2506"]

1.d4 Nf6 2.c4 e6 3.Nc3 Bb4 4.Qc2 O-O 5.Nf3 d6 6.g3 b6 7.Bg2 Bb7 8.O-O Bxc3
9.Qxc3 Nbd7 10.b4 a5 11.a3 Qe7 12.Bb2 Rfe8 13.Rfd1 Ne4 14.Qc2 Nef6 15.Bc3 Be4
16.Qb2 Reb8 17.Bf1 c5 18.dxc5 bxc5 19.b5 a4 20.Ne1 d5 21.f3 Bg6 22.e3 Nb6
23.Ng2 Ne8 24.cxd5 exd5 25.Rac1 f6 26.e4 dxe4 27.fxe4 Bxe4 28.Qf2 Nc7 29.Nf4 Kh8
30.Be1 Nd7 31.Qe3 f5 32.Rxd7 Qxd7 33.Rxc5 Nxb5 34.Bf2 Nc7 35.Qc3 Ne8 36.g4 Rb3
37.Qe5 Qd1 38.Ra5 Rb1  0-1

[Event "4th FIDE GP w"]
[Site "Jermuk ARM"]
[Date "2010.06.24"]
[Round "1"]
[White "Danielian,E"]
[Black "Chiburdanidze,M"]
[Result "1-0"]
[WhiteElo "2473"]
[BlackElo "2514"]

1.d4 Nf6 2.Nf3 e6 3.c4 Bb4+ 4.Bd2 Bxd2+ 5.Qxd2 d5 6.Nc3 O-O 7.e3 Qe7 8.Rc1 Rd8
9.cxd5 exd5 10.Bd3 c6 11.O-O Nbd7 12.Na4 Ne4 13.Qa5 Re8 14.a3 Qd6 15.Bxe4 dxe4
16.Nd2 b6 17.Qg5 Ba6 18.Rfd1 Be2 19.Re1 Bd3 20.Qg3 Qe6 21.b3 Bb5 22.Nc3 Bd3
23.Ne2 Bxe2 24.Rxe2 c5 25.Nc4 cxd4 26.exd4 Nf6 27.Ne5 Rac8 28.Ree1 Qd6 29.Ng4 Rxc1
30.Rxc1 Qxd4 31.Nh6+  1-0

[Event "4th FIDE GP w"]
[Site "Jermuk ARM"]
[Date "2010.06.26"]
[Round "3"]
[White "Kovanova,B"]
[Black "Chiburdanidze,M"]
[Result "1/2-1/2"]
[WhiteElo "2366"]
[BlackElo "2514"]

1.e4 c6 2.Nc3 d5 3.Nf3 Bg4 4.Be2 e6 5.O-O Nf6 6.Ne5 Bxe2 7.Qxe2 dxe4 8.Nxe4 Nxe4
9.Qxe4 Nd7 10.d4 Be7 11.c3 O-O 12.Bf4 Nxe5 13.Bxe5 Qd5 14.Qe2 Rfd8 15.Rfe1 Bd6
16.Qg4 Bxe5 17.Rxe5 Qc4 18.Qe2 Qxe2 19.Rxe2 Rd5 20.f3 Rad8 21.Kf2 Kf8 22.Rae1  1/2-1/2

[Event "4th FIDE GP w"]
[Site "Jermuk ARM"]
[Date "2010.06.27"]
[Round "4"]
[White "Chiburdanidze,M"]
[Black "Fierro Baquero,M"]
[Result "1-0"]
[WhiteElo "2514"]
[BlackElo "2363"]

1.d4 Nf6 2.c4 g6 3.Nf3 Bg7 4.Nc3 O-O 5.e4 d6 6.Be2 e5 7.O-O Nc6 8.d5 Ne7
9.Be3 Ng4 10.Bd2 f5 11.Ng5 Nf6 12.exf5 Nxf5 13.Bd3 c5 14.Rb1 Nd4 15.b4 b6
16.bxc5 bxc5 17.Nb5 h6 18.Ne4 Nxe4 19.Bxe4 Bf5 20.Nxd4 cxd4 21.Qe2 Qd7 22.Rb4 Rac8
23.Rc1 Rc7 24.f3 h5 25.h3 h4 26.Rcb1 Bf6 27.Rb8 Rxb8 28.Rxb8+ Kg7 29.Qd3 Bxe4
30.fxe4 Qa4 31.Qf3 Qxc4 32.Bg5  1-0

[Event "4th FIDE GP w"]
[Site "Jermuk ARM"]
[Date "2010.07.03"]
[Round "9"]
[White "Chiburdanidze,M"]
[Black "Xu Yuhua"]
[Result "1-0"]
[WhiteElo "2514"]
[BlackElo "2484"]

1.d4 Nf6 2.c4 e6 3.Nf3 Bb4+ 4.Nbd2 b6 5.a3 Bxd2+ 6.Qxd2 Bb7 7.e3 d6 8.b3 Nbd7
9.Bb2 O-O 10.Bd3 Ne4 11.Qe2 f5 12.Bc2 Qe7 13.O-O Rf6 14.d5 e5 15.Nh4 g6 16.f3 Nec5
17.b4 Na6 18.Qd2 Rf7 19.g3 Re8 20.Rae1 Nab8 21.f4 e4 22.b5 a5 23.h3 Qd8 24.Bd1 Nf6
25.Re2 Nbd7 26.Rg2 Nc5 27.g4 Nfd7 28.Qd4 Kf8 29.Qh8+ Ke7 30.Qd4 Kf8 31.Nxg6+ hxg6
32.gxf5 gxf5 33.Qh8+ Ke7 34.Qh4+  1-0

[Event "5th FIDE GP w"]
[Site "Ulaanbaatar MGL"]
[Date "2010.07.30"]
[Round "1"]
[White "Chiburdanidze,M"]
[Black "Munguntuul,B"]
[Result "1-0"]
[WhiteElo "2514"]
[BlackElo "2421"]

1.d4 d5 2.c4 e6 3.Nf3 Nf6 4.Nc3 c6 5.Qb3 dxc4 6.Qxc4 b5 7.Qd3 a6 8.e4 c5
9.dxc5 Bxc5 10.Qxd8+ Kxd8 11.e5 Ng4 12.Bg5+ Ke8 13.Ne4 Bb4+ 14.Ke2 Bb7 15.Rd1 Nd7
16.Nd6+ Bxd6 17.exd6 Rc8 18.h3 Nge5 19.Nxe5 Nxe5 20.Bf4 Nd7 21.h4 Nb6 22.Rh3 Nd5
23.Bh2 Kd7 24.Kd2 Nb4 25.a3 Rc2+ 26.Ke1 Nd5 27.Rb3 Nb6 28.Bd3 Rc5 29.f3 Bd5
30.Rb4 Nc4 31.a4 Rb8 32.Bg1 Rcc8 33.Bd4 Nxd6 34.Bxg7 Rg8 35.Rg4 f5 36.Rg3 bxa4
37.Kf2 a5 38.Bc3 Rxg3 39.Kxg3 Ra8 40.Kf4 Ke7 41.Rd2 Bc4 42.Bc2 Bb3 43.Bd3 Bd5
44.h5 h6 45.Bg7 Rg8 46.Bc3 Rg5 47.g4 fxg4 48.fxg4 Bc6 49.Re2 Nf7 50.Bg6 Bd7
51.Bxf7 Kxf7 52.Be5 Rg8 53.Kg3 Bb5 54.Rf2+ Ke7 55.Rc2 Bd7 56.Rc5 Kf7 57.Rxa5 Rc8
58.Ra7 Rd8 59.Bc7 Rh8 60.Bd6 Rd8 61.Bf4 Kg8 62.Bxh6 Be8 63.Rg7+ Kh8 64.Re7 Rb8
65.Kh4 Kg8 66.Rxe6 Bf7 67.Re2 Rb3 68.Bf4 a3 69.bxa3 Rxa3 70.Re4 Ra1 71.Be5 Rc1
72.Bf6 Kh7 73.Re7 Kg8 74.Kg5 Rc5+ 75.Kh6 Rc6 76.g5 Ra6 77.Rb7 Bd5 78.Rg7+ Kf8
79.Rh7 Bf3 80.Rh8+ Kf7 81.g6+ Kxf6 82.Rf8+  1-0

[Event "5th FIDE GP w"]
[Site "Ulaanbaatar MGL"]
[Date "2010.08.01"]
[Round "3"]
[White "Chiburdanidze,M"]
[Black "Kosintseva,T"]
[Result "1/2-1/2"]
[WhiteElo "2514"]
[BlackElo "2562"]

1.d4 Nf6 2.Nf3 d5 3.c4 e6 4.Nc3 Bb4 5.Qa4+ Nc6 6.e3 O-O 7.h3 Ne4 8.Qc2 b6
9.cxd5 exd5 10.Bd3 Bf5 11.Bd2 Nxd2 12.Nxd2 Bxd3 13.Qxd3 Ne7 14.a3 Bd6 15.Nb5 c6
16.Nxd6 Qxd6 17.O-O a5 18.Rac1 a4 19.e4 Qg6 20.Rfe1 Rfd8 21.Nf3 f6 22.Nh4 Qf7
23.Nf5 Nxf5 24.exf5 Rd6 25.Qg3 Rad8 26.Re3 Qd7 27.Rce1 Qxf5 28.Re8+ Rxe8
29.Rxe8+ Kf7 30.Qxd6 Kxe8 31.Qxc6+ Kf7 32.Qxb6 Qc2 33.g4 Qb1+ 34.Kh2 Qc2
35.Kg3 Qd3+ 36.f3 Qd1 37.Qb7+ Kg6 38.Qxd5 Qe1+ 39.Kf4 Qd2+ 40.Ke4 Qe2+ 41.Kf4 Qd2+
42.Ke4 Qe2+  1/2-1/2

[Event "5th FIDE GP w"]
[Site "Ulaanbaatar MGL"]
[Date "2010.08.04"]
[Round "5"]
[White "Chiburdanidze,M"]
[Black "Xu Yuhua"]
[Result "1-0"]
[WhiteElo "2514"]
[BlackElo "2488"]

1.d4 Nf6 2.c4 e6 3.Nf3 b6 4.a3 Ba6 5.Qc2 Bb7 6.Bf4 Be4 7.Qd2 d5 8.Nc3 Bd6
9.Bg5 h6 10.Bxf6 Qxf6 11.cxd5 exd5 12.Qe3 Qe6 13.Nxe4 Qxe4 14.Qxe4+ dxe4
15.Nd2 f5 16.g4 g6 17.gxf5 gxf5 18.Bh3 Rf8 19.Rc1 Nd7 20.Nc4 Ke7 21.Ne3 Ke6
22.Rg1 Bxh2 23.Rg6+ Rf6 24.Bxf5+ Kd6 25.Bxe4 Rxg6 26.Rc6+ Ke7 27.Nd5+ Kf7
28.Bxg6+ Kg7 29.Bf5 Nf8 30.Nxc7 Rd8 31.e3 h5 32.Ke2 Bd6  1-0

[Event "5th FIDE GP w"]
[Site "Ulaanbaatar MGL"]
[Date "2010.08.05"]
[Round "6"]
[White "Koneru,H"]
[Black "Chiburdanidze,M"]
[Result "1-0"]
[WhiteElo "2600"]
[BlackElo "2514"]

1.d4 Nf6 2.c4 e6 3.Nc3 Bb4 4.Qc2 O-O 5.e4 d5 6.e5 Ne4 7.Bd3 c5 8.Ne2 Nc6
9.cxd5 exd5 10.O-O cxd4 11.Nxd5 Qxd5 12.Bxe4 Qxe5 13.Bxh7+ Kh8 14.Bf4 Qf6
15.Be4 Re8 16.Rac1 Bd7 17.Qd3 Rxe4 18.Qxe4 Re8 19.Qd5 Bg4 20.f3 Bc8 21.Rf2 Rd8
22.Qh5+ Kg8 23.Bg5 Qe5 24.Ng3 f6 25.Bd2 Bf8 26.Re2 Qxh5 27.Nxh5 a5 28.Nf4 Kf7
29.h4 Bf5 30.g4 Bh7 31.Ne6 Rd5 32.Nxf8 Kxf8 33.Kg2 Kf7 34.f4 Bd3 35.Ree1 f5
36.g5 a4 37.b4 axb3 38.axb3 Be4+ 39.Kg3 Kg6 40.b4 d3 41.Rc5 Rxc5 42.bxc5 Nd4
43.Ra1 Nf3 44.Ra2 Bd5 45.Rb2 Nd4 46.Rb6+ Bc6 47.Kf2 Kh5 48.Ke3 Ne6 49.Kxd3 Nxc5+
50.Kd4 Nd7 51.Rb1 Kxh4 52.Ra1 Kh5 53.Ra8 Kg6 54.Bb4 Kf7 55.Bd6 Be4 56.Be5 Nf8
57.Rb8 Ne6+ 58.Kc4 Bc6 59.Bd6 Kg6 60.Rh8 Kf7 61.Kd3 Be4+ 62.Ke3 Bc6 63.Kf2 Kg6
64.Kg3 Kf7 65.Rh2 Kg6 66.Ra2 Be4 67.Ra5 Kf7 68.Re5 Bd3 69.Kf3 Be4+ 70.Ke3 Bc2
71.Bb4 Be4 72.Ba3 Bc2 73.Kf3 Be4+ 74.Kg3 Bd3 75.g6+ Kf6 76.Bb2 Ke7 77.Rd5 Be4
78.Ra5 Bd3 79.Ra8 Bb5 80.Rb8 Bc6 81.Be5 Be4 82.Kh4 Bc6 83.Rg8 Bd5 84.Rh8 Bc6
85.Rh7 Kf8 86.Rh5 Be4 87.Bd6+ Ke8 88.Kg3 Kd7 89.Ba3 Ke8 90.Rh8+ Kd7 91.Rh2 Ke8
92.Rd2 Bb1 93.Rd6 Ba2 94.Kf3 Bc4 95.Ke3 Ba2 96.Rb6 Bd5 97.Rb5 Be4 98.Re5 Kd7
99.Bb2 Bc2 100.Ba3 Be4 101.Rxe4 fxe4 102.Bb2 Nc5 103.f5 Ke7 104.Bxg7 Nd7
105.Kxe4 Nc5+ 106.Kf4 b5 107.Bc3 Nd3+ 108.Ke3  1-0

[Event "5th FIDE GP w"]
[Site "Ulaanbaatar MGL"]
[Date "2010.08.06"]
[Round "7"]
[White "Chiburdanidze,M"]
[Black "Sebag,M"]
[Result "1-0"]
[WhiteElo "2514"]
[BlackElo "2519"]

1.d4 Nf6 2.c4 e6 3.Nf3 d5 4.Qb3 c6 5.Nc3 dxc4 6.Qxc4 b5 7.Qd3 Bb7 8.Bg5 Nbd7
9.e4 h6 10.Bh4 a6 11.e5 g5 12.Nxg5 hxg5 13.Bxg5 Rg8 14.h4 b4 15.Ne4 Rxg5
16.Nxg5 Qa5 17.exf6 b3+ 18.Ke2 c5 19.Qc3 Qb5+ 20.Ke1 Qc6 21.axb3 Nxf6 22.Qf3 Qxf3
23.Nxf3 cxd4 24.Bc4 Nh5 25.Kf1 Nf4 26.h5 Bh6 27.Rh4 Ke7 28.Ne1 e5 29.g3 Ne6
30.Nd3 e4 31.Bxe6 fxe6 32.Nc5 Bd5 33.Nxe4 Rb8 34.Rxa6 Rxb3 35.Ra7+ Kf8 36.Nf6 Bc4+
37.Kg1 Rd3 38.Rg4 e5 39.Rg6 Rd1+ 40.Kh2 Be3 41.h6 Rd2 42.Ne4  1-0

[Event "5th FIDE GP w"]
[Site "Ulaanbaatar MGL"]
[Date "2010.08.08"]
[Round "9"]
[White "Chiburdanidze,M"]
[Black "Hou Yifan"]
[Result "1/2-1/2"]
[WhiteElo "2514"]
[BlackElo "2577"]

1.d4 Nf6 2.Nf3 e6 3.c4 d5 4.Nc3 Bb4 5.Qa4+ Nc6 6.e3 O-O 7.Qc2 dxc4 8.Bxc4 e5
9.Nxe5 Nxe5 10.dxe5 Ng4 11.Qb3 Bxc3+ 12.Qxc3 Qh4 13.g3 Qh3 14.Bf1 Qh5 15.Be2 Qh3
16.Bf1 Qh5 17.Be2 Qh3  1/2-1/2

[Event "15th European Club Cup Women"]
[Site "Plovdiv BUL"]
[Date "2010.10.19"]
[Round "3"]
[White "Chiburdanidze,M"]
[Black "Danielian,E"]
[Result "1-0"]
[WhiteElo "2500"]
[BlackElo "2466"]

1.d4 d5 2.Nf3 Nf6 3.c4 c6 4.e3 Bg4 5.Qb3 Qb6 6.Ne5 Bf5 7.cxd5 Qxb3 8.axb3 Nxd5
9.Bd3 Bxd3 10.Nxd3 e6 11.Bd2 Be7 12.Ke2 O-O 13.Na3 Na6 14.Nc4 Nab4 15.Nde5 Rfd8
16.Rhc1 f6 17.Nf3 Nb6 18.Na5 Rd7 19.g4 Kf7 20.g5 Rad8 21.e4 Ke8 22.gxf6 gxf6
23.Nc4 Nxc4 24.bxc4 Na6 25.Ra5 c5 26.d5 Kf7 27.Rca1 exd5 28.cxd5 Re8 29.Be3 Bd6
30.Nd2 f5 31.f3 Nb4 32.Rxa7 fxe4 33.fxe4 Rde7 34.Rf1+ Kg8 35.Rf5 Na6 36.Bf4 Bxf4
37.Rxf4 Kg7 38.Kf3 Nb4 39.Nc4 Nd3 40.Nd6 Ne5+ 41.Ke2 Ng6 42.Nxe8+ Rxe8 43.Rxb7+ Kh6
44.Ke3 Nxf4 45.Kxf4 Rf8+ 46.Ke5 Rf2 47.d6 Rxh2 48.d7  1-0

[Event "15th European Club Cup Women"]
[Site "Plovdiv BUL"]
[Date "2010.10.22"]
[Round "6"]
[White "Zhukova,N"]
[Black "Chiburdanidze,M"]
[Result "1/2-1/2"]
[WhiteElo "2499"]
[BlackElo "2500"]

1.d4 Nf6 2.c4 e6 3.Nf3 Bb4+ 4.Bd2 Bxd2+ 5.Qxd2 d5 6.g3 Nbd7 7.Bg2 c6 8.Qc2 b6
9.Nbd2 Bb7 10.e4 Nxe4 11.Nxe4 dxe4 12.Qxe4 Qc7 13.Ne5 Nxe5 14.dxe5  1/2-1/2

[Event "WCh Women"]
[Site "Antakya TUR"]
[Date "2010.12.04"]
[Round "1.1"]
[White "Chiburdanidze,M"]
[Black "Meenakshi,Sub"]
[Result "1-0"]
[WhiteElo "2502"]
[BlackElo "2328"]

1.d4 d5 2.Nf3 Nf6 3.c4 dxc4 4.e3 Bg4 5.Bxc4 e6 6.h3 Bh5 7.Qb3 Bxf3 8.gxf3 Qc8
9.Nc3 a6 10.Bd2 c5 11.dxc5 Bxc5 12.Rc1 Nc6 13.Na4 Ba7 14.Bc3 b5 15.Bxf6 bxa4
16.Qxa4 gxf6 17.Bd3 Qd7 18.Rxc6 Bc5 19.Ke2 Ke7 20.Rd1 Rhd8 21.Qe4 Qd5 22.Rc7+ Rd7
23.Rxd7+  1-0

[Event "WCh Women"]
[Site "Antakya TUR"]
[Date "2010.12.05"]
[Round "1.2"]
[White "Meenakshi,Sub"]
[Black "Chiburdanidze,M"]
[Result "0-1"]
[WhiteElo "2328"]
[BlackElo "2502"]

1.g3 d5 2.Bg2 c6 3.f4 g6 4.Nf3 Bg7 5.Nc3 Nd7 6.d4 f5 7.e3 Ngf6 8.O-O b6 9.b3 e6
10.a4 O-O 11.Ba3 Re8 12.h3 Ba6 13.Rf2 Qc7 14.Qd2 c5 15.Bf1 Bxf1 16.Raxf1 a6
17.Rg2 Bf8 18.Bb2 cxd4 19.exd4 Rac8 20.Qd3 Ne4 21.Nd1 Qb7 22.g4 Bd6 23.Ne5 Bxe5
24.fxe5 fxg4 25.Rxg4 Rf8 26.Rxf8+ Rxf8 27.c4 b5 28.axb5 axb5 29.cxd5 exd5
30.Ba3 Qa7 31.Bxf8 Nxe5 32.Bc5 Nxc5 33.Qxb5 Nxg4 34.dxc5 Nf6 35.Nf2 Qa1+
36.Kg2 Qe5 37.Qd3 Nh5 38.Ng4 Nf4+ 39.Kf3 Nxd3 40.Nxe5 Nxe5+ 41.Ke3 Nc6 42.Kd3 Kf7
43.Kc3 Ke6 44.b4 Na7 45.Kb3 Kd7  0-1

[Event "WCh Women"]
[Site "Antakya TUR"]
[Date "2010.12.08"]
[Round "2.2"]
[White "Chiburdanidze,M"]
[Black "Zhao Xue"]
[Result "1/2-1/2"]
[WhiteElo "2502"]
[BlackElo "2474"]

1.d4 Nf6 2.c4 e6 3.Nf3 d5 4.Nc3 Bb4 5.cxd5 exd5 6.Bg5 h6 7.Bh4 Nbd7 8.e3 c5
9.Bd3 c4 10.Bf5 Nb6 11.Bc2 Qe7 12.Nd2 O-O 13.O-O Re8 14.a3 Bxc3 15.bxc3 Qe6
16.Bxf6 Qxf6 17.a4 Bf5 18.Bxf5 Qxf5 19.Qb1 Qd7 20.a5 Nc8 21.e4 dxe4 22.Nxe4 Qc6
23.Re1 Ne7 24.Rf1 Nc8 25.Re1 Ne7  1/2-1/2

[Event "6th Women GP"]
[Site "Doha QAT"]
[Date "2011.02.22"]
[Round "1"]
[White "Chiburdanidze,M"]
[Black "Munguntuul,B"]
[Result "0-1"]
[WhiteElo "2502"]
[BlackElo "2410"]

1.d4 d5 2.Nf3 Nf6 3.c4 c6 4.e3 Bf5 5.Nc3 e6 6.Nh4 Be4 7.f3 Bg6 8.Qb3 Qc7
9.Bd2 Be7 10.g3 Nbd7 11.cxd5 Nxd5 12.Nxg6 hxg6 13.Kf2 O-O 14.Rc1 Qb6 15.Bc4 Qxb3
16.Bxb3 Nb4 17.Ke2 c5 18.Nb5 Nc6 19.Nc7 Rad8 20.d5 exd5 21.Bxd5 a6 22.Be4 Bd6
23.Nd5 Rfe8 24.Rhd1 f5 25.Bb1 Nde5 26.Bc3 Nc4 27.f4 Bf8 28.Kf3 b5 29.b3 Na3
30.Nc7 Re7 31.Rxd8 Nxd8 32.Nd5 Rd7 33.e4 Nxb1 34.Rxb1 Nb7 35.Rd1 fxe4+ 36.Kxe4 Nd6+
37.Kf3 Kf7 38.Ne3 Ke8 39.Ng4 b4 40.Bb2 c4 41.Ne5 Rc7 42.Nxg6 c3 43.Bc1 Nb5
44.f5 Bd6 45.g4 c2 46.Rd2 Rc3+ 47.Ke4 Bc5 48.Re2 Nd4 49.Re1 Nf3 50.Re2 Ng1
51.Re1 Bf2 52.Rf1 Ne2 53.Bd2 Bb6 54.f6 gxf6 55.Rxf6 Be3 56.Rf8+ Kd7 57.Bxe3 Rxe3+
58.Kxe3 c1=Q+ 59.Kxe2 Qc2+ 60.Kf3 Qxg6 61.Kg3 Qd6+ 62.Rf4 Ke6 63.h4 Qd2 64.Rf2 Qe1
65.h5 Qg1+ 66.Rg2 Qe3+ 67.Kh2 Kf6 68.g5+ Kg7 69.h6+ Kg6 70.Kh1 Qe4 71.Kg1 a5
72.Kh2 Qe1 73.Rg3 Qa1 74.Rg2 Qb1 75.h7 Kxh7 76.g6+ Kg7  0-1

[Event "6th Women GP"]
[Site "Doha QAT"]
[Date "2011.02.23"]
[Round "2"]
[White "Danielian,E"]
[Black "Chiburdanidze,M"]
[Result "1-0"]
[WhiteElo "2454"]
[BlackElo "2502"]

1.Nf3 Nf6 2.c4 e6 3.e3 b6 4.b3 Bb7 5.Bb2 d5 6.Nc3 a6 7.d4 Nbd7 8.Bd3 Bd6
9.O-O O-O 10.Rc1 Qe7 11.cxd5 exd5 12.Qc2 Ne4 13.Ne2 Rac8 14.Nf4 g5 15.Ne2 f5
16.Ng3 g4 17.Nd2 Qh4 18.f4 Nxg3 19.hxg3 Qf6 20.Kf2 Rce8 21.Rh1 Qg6 22.Rh4 Bc8
23.Rch1 Nf6 24.Nf1 h5 25.Nd2 Re7 26.a3 Rfe8 27.Re1 Kg7 28.b4 Qf7 29.Nb3 Kg6
30.Nc5 Qf8 31.Bc3 Rg7 32.Nb3 Rh7 33.Bd2 Bd7 34.Rc1 Ra8 35.Qb1 Qc8 36.Rc3 Bb5
37.Bc2 Qd7 38.Kg1 Be7 39.Rxc7 Qxc7 40.Bxf5+ Kg7 41.Bxh7 Nxh7 42.Rxh5 Nf8
43.Qd1 Qd7 44.f5 Kf7 45.Qxg4 Rc8 46.e4 dxe4 47.Rh7+ Ke8 48.Rg7 Qc6 49.d5 Qf6
50.d6 Be2 51.Qxe4 Qxg7 52.Qxe2 Rc2 53.dxe7 Qxe7 54.Qd3 Ra2 55.Qxa6 Rxd2 56.Nxd2 Qe3+
57.Kh2 Qh6+ 58.Kg1 Qxd2 59.Qxb6 Qd1+ 60.Kf2 Qc2+ 61.Kg1 Qd1+ 62.Kf2 Qc2+
63.Ke3 Qxf5 64.Qc6+ Kf7 65.Qf3 Ke6 66.Qxf5+ Kxf5 67.Kd4 Ke6 68.a4 Kd6 69.g4 Ne6+
70.Ke4 Nc7 71.g5 Na6 72.Kf5 Nxb4 73.Kf6 Nd5+ 74.Kf7  1-0

[Event "6th Women GP"]
[Site "Doha QAT"]
[Date "2011.02.24"]
[Round "3"]
[White "Chiburdanidze,M"]
[Black "Xu Yuhua"]
[Result "1-0"]
[WhiteElo "2502"]
[BlackElo "2484"]

1.d4 e6 2.c4 Nf6 3.Nf3 d5 4.Nc3 Bb4 5.cxd5 exd5 6.Bg5 h6 7.Bh4 c5 8.e3 c4
9.Nd2 g5 10.Bg3 Bf5 11.Bxb8 Bxc3 12.bxc3 Rxb8 13.Qf3 Bg6 14.h4 gxh4 15.Qf4 b5
16.a3 Rb6 17.Be2 Re6 18.Rxh4 Ne4 19.Rc1 h5 20.Bf3 Kf8 21.Nxe4 Bxe4 22.Rxh5 Rxh5
23.Bxh5 Rf6 24.Qg5 Qd6 25.Ra1 Rf5 26.Qh4 Bxg2 27.Bg4 Rf6 28.Ke2 Be4 29.Qh8+ Ke7
30.Qh4 Bd3+ 31.Kd2 Kd8 32.Be2 Bf5 33.Rg1 Kc7 34.Rg8 Be4 35.Re8 Re6 36.Ra8 Kb7
37.Qh8 Qc7 38.Bh5 Ra6 39.Rf8 Bg6 40.Bxg6 Rxg6 41.Qh5 Qd7 42.Qf3 Rg7 43.Qf4 Rh7
44.Qb8+ Ka6 45.Rd8  1-0